000 006490000a22002170004500
090 _aAR
_b03286
245 1 0 _aWestern working group meeting in Autlan, México
650 1 4 _aAves
_992429
650 1 4 _aConservación
_992401
650 1 4 _aMigraciones
_916308
650 1 4 _aPrioridades de conservación
_96993
650 1 4 _aPlanes de manejo
_992725
651 4 _pMéxico
_992749
651 4 _pEstados Unidos
_992749
651 4 _pCanada
_992749
041 0 _aInglés
700 1 _aRich, Terry
_996887
100 1 _aBuffa, Joelle
_996888
942 _cARTICULO
773 1 _tTangara: Boletín del Grupo de Trabajo Internacional
_3375
_h8
_q1-11
_d1996
_g0
999 _c12337
_d12337